000 00448 a2200169 4500
005 20260310124639.0
008 260310b |||||||| |||| 00| 0 eng d
020 _a9788131614075
040 _cSDCL
041 _2eng
_aeng
084 _aX9(J):(Y:45111).2'P R5
100 _aSatyanarayana, Gattu
245 _aAgrarian crisis and farmer suicides
260 _aNew Delhi :
_bRawat Publications,
_c2025.
300 _a197p.
942 _cTEXL
_2CC
999 _c1672539
_d1672539